Statistics for Top 100 Countries By Alcohol Consumption

Click here to take the quiz!

General Stats

  • This quiz has been taken 104 times
  • The average score is 69 of 100

Answer Stats

#Answer% Correct
25United Kingdom
99%
88China
96%
4Russia
96%
40Canada
95%
48United States
95%
50Sweden
94%
86Italy
93%
18France
92%
21Ireland
92%
64Norway
92%
28Spain
92%
19Australia
90%
9Czech Republic
90%
16Finland
90%
23Germany
90%
38Greece
89%
70Japan
89%
71Mexico
89%
14Poland
89%
6Ukraine
89%
11Portugal
88%
24Slovenia
88%
54Argentina
87%
36Austria
87%
53Brazil
87%
15Latvia
87%
10Slovakia
87%
26Denmark
86%
3Lithuania
86%
29Belguim
85%
5Romania
85%
12Serbia
85%
34Switzerland
85%
1Belarus
83%
20Croatia
83%
42Netherlands
83%
30South Africa
83%
37Estonia
82%
17South Korea
82%
45Chile
81%
8Hungary
81%
96Colombia
80%
74Iceland
80%
31New Zealand
80%
61Peru
80%
76Bosnia and Herzegovina
77%
51Venezuela
77%
27Bulgaria
76%
2Moldova
75%
67Uruguay
75%
52Paraguay
74%
79Albania
71%
75Thailand
71%
98Bolivia
70%
39Kazakhstan
70%
72Ecuador
69%
55Montenegro
69%
41Nigeria
67%
60Guyana
64%
78Malta
64%
93Vietnam
64%
49Cyprus
63%
73Dominica
63%
95Haiti
63%
82Mongolia
63%
81Dominican Republic
62%
66Georgia
62%
62Panama
62%
7Andorra
60%
69Laos
60%
92Suriname
58%
68Angola
56%
80Bahamas
56%
58Botswana
55%
33Namibia
54%
87Trinidad and Tobago
52%
65Tanzania
51%
84Barbados
50%
100Zimbabwe
49%
57Cameroon
48%
59Saint Kitts and Nevis
45%
35Saint Lucia
45%
43Uganda
45%
56Belize
44%
13Grenada
43%
44Rwanda
43%
99Eswatini
42%
94Lesotho
42%
32Gabon
38%
46Sierra Leone
38%
47Burundi
36%
83Cape Verde
36%
91Equatorial Guinea
36%
97Ivory Coast
36%
89Lebanon
35%
77Sao Tome and Principe
30%
85Burkina Faso
26%
63Palau
24%
90Saint Vincent and Grenadines
2%
22Luxemboug
1%

Score Distribution

Percentile by Number Answered

Percent of People with Each Score

Your Score History

You have not taken this quiz